000
00229 a2200097 4500
001
33060
100
_a
Miller,K.L
245
_a
Objective-Based safety training
260
_a
Boston
_b
Lewis Publisher
_c
1998
090
_c
22189
_d
22189
942
_a
NUST-CAE
_c
M
_c
13546
999
_c
268133
_d
268133